[Event "H. C. Andersen Mind Games"]
[Site "?"]
[Date "2012.05.19"]
[Round "6.14"]
[White "Johansen, 1967, Johnny Holler"]
[Black "Christensen, 2251, Bo Garner"]
[Result "0-1"]
[BlackElo "2251"]
[WhiteElo "1967"]

1. e4 {[%clk 1:30:57]} c5 {[%clk 1:30:52]} 2. Nf3 {[%clk 1:31:23]} d6
{[%clk 1:31:15]} 3. d4 {[%clk 1:31:50]} cxd4 {[%clk 1:31:40]} 4. Nxd4
{[%clk 1:32:16]} Nf6 {[%clk 1:32:01]} 5. Nc3 {[%clk 1:32:43]} a6 {[%clk 1:32:25]}
6. Bg5 {[%clk 1:33:03]} e6 {[%clk 1:32:07]} 7. f4 {[%clk 1:33:18]} b5
{[%clk 1:31:35]} 8. Qf3 {[%clk 1:31:58]} Bb7 {[%clk 1:31:19]} 9. Bd3
{[%clk 1:22:45]} Nbd7 {[%clk 1:28:59]} 10. O-O-O {[%clk 1:21:12]} Rc8
{[%clk 1:28:11]} 11. Qh3 {[%clk 1:11:49]} Qb6 {[%clk 1:26:52]} 12. Nxe6
{[%clk 0:56:36]} fxe6 {[%clk 1:27:05]} 13. Qxe6+ {[%clk 0:57:03]} Be7
{[%clk 1:26:48]} 14. Nd5 {[%clk 0:57:11]} Qd8 {[%clk 1:25:44]} 15. Bxf6
{[%clk 0:55:16]} Nxf6 {[%clk 1:23:32]} 16. Nxf6+ {[%clk 0:42:37]} gxf6
{[%clk 1:23:52]} 17. e5 {[%clk 0:39:30]} Kf8 {[%clk 1:19:03]} 18. Be2
{[%clk 0:31:38]} Be4 {[%clk 1:15:25]} 19. c3 {[%clk 0:29:23]} d5 {[%clk 1:13:22]}
20. Bh5 {[%clk 0:28:21]} Kg7 {[%clk 1:13:10]} 21. Rhe1 {[%clk 0:18:34]} Rxc3+
{[%clk 0:46:29]} 22. bxc3 {[%clk 0:18:52]} Qc7 {[%clk 0:46:45]} 23. Re3
{[%clk 0:15:56]} Rc8 {[%clk 0:46:29]} 24. exf6+ {[%clk 0:15:05]} Bxf6
{[%clk 0:46:43]} 25. Rg3+ {[%clk 0:15:19]} Bg6 {[%clk 0:46:53]} 26. Rxd5
{[%clk 0:10:55]} Qxf4+ {[%clk 0:45:45]} 27. Kd1 {[%clk 0:10:30]} Rxc3
{[%clk 0:30:45]} 28. Rxc3 {[%clk 0:10:20]} Bxc3 {[%clk 0:30:43]} 29. Rd7+
{[%clk 0:07:50]} Kh6 {[%clk 0:30:38]} 30. Be2 {[%clk 0:07:41]} Qa4+
{[%clk 0:27:48]} 31. Qb3 {[%clk 0:08:05]} Qa5 {[%clk 0:28:02]} 32. g4
{[%clk 0:06:44]} Kg5 {[%clk 0:26:36]} 33. Rd5+ {[%clk 0:06:50]} Kh4
{[%clk 0:26:54]} 34. Bd3 {[%clk 0:05:08]} Bf7 {[%clk 0:26:11]} 35. Bc2
{[%clk 0:04:33]} Qc7 {[%clk 0:25:41]} 36. Rh5+ {[%clk 0:04:04]} Kxg4
{[%clk 0:25:13]} 37. Rc5 {[%clk 0:03:49]} Qxc5 {[%clk 0:22:32]} 38. h3+
{[%clk 0:04:05]} Kg3 {[%clk 0:21:39]} 39. Qxf7 {[%clk 0:03:51]} Qd4+
{[%clk 0:22:02]} 40. Kc1 {[%clk 0:03:03]} Qd2+ {[%clk 0:22:24]} 41. Kb1
{[%clk 0:03:27]} Qe1+ 0-1

[Event "H. C. Andersen Mind Games"]
[Site "?"]
[Date "2012.05.19"]
[Round "6.15"]
[White "Pedersen, 2138, Nicolai Kvist Brondt"]
[Black "Frisk, 2181, WFM Ellinor"]
[Result "0-1"]
[BlackElo "2181"]
[WhiteElo "2138"]

1. d4 {[%clk 1:30:49]} d5 {[%clk 1:27:47]} 2. c4 {[%clk 1:31:07]} e6
{[%clk 1:27:57]} 3. Nf3 {[%clk 1:30:33]} Nf6 {[%clk 1:28:22]} 4. Nc3
{[%clk 1:29:56]} c6 {[%clk 1:28:35]} 5. Bg5 {[%clk 1:29:42]} Nbd7
{[%clk 1:28:35]} 6. cxd5 {[%clk 1:30:07]} exd5 {[%clk 1:28:28]} 7. e3
{[%clk 1:30:26]} Be7 {[%clk 1:27:38]} 8. Bd3 {[%clk 1:30:35]} Nf8
{[%clk 1:27:47]} 9. Qc2 {[%clk 1:28:45]} Ne6 {[%clk 1:28:00]} 10. Bh4
{[%clk 1:28:29]} g6 {[%clk 1:27:38]} 11. O-O {[%clk 1:27:45]} Ng7
{[%clk 1:21:03]} 12. Rab1 {[%clk 1:25:07]} O-O {[%clk 1:21:06]} 13. b4
{[%clk 1:23:01]} a6 {[%clk 1:20:45]} 14. a4 {[%clk 1:21:50]} Bf5 {[%clk 1:20:54]}
15. b5 {[%clk 1:20:36]} axb5 {[%clk 1:21:11]} 16. axb5 {[%clk 1:20:46]} Bxd3
{[%clk 1:21:18]} 17. Qxd3 {[%clk 1:21:02]} Nf5 {[%clk 1:21:01]} 18. Bxf6
{[%clk 1:13:34]} Bxf6 {[%clk 1:21:23]} 19. Qc2 {[%clk 1:10:43]} Qa5
{[%clk 0:48:56]} 20. Nd2 {[%clk 1:02:22]} Bxd4 {[%clk 0:40:11]} 21. Nxd5
{[%clk 0:53:03]} cxd5 {[%clk 0:33:06]} 22. exd4 {[%clk 0:50:36]} Nxd4
{[%clk 0:33:03]} 23. Qd3 {[%clk 0:45:52]} Qa4 {[%clk 0:27:04]} 24. Nf3
{[%clk 0:38:40]} Nxf3+ {[%clk 0:27:01]} 25. Qxf3 {[%clk 0:39:05]} Rfd8
{[%clk 0:24:02]} 26. Rfd1 {[%clk 0:37:50]} Qe4 {[%clk 0:20:00]} 27. Qb3
{[%clk 0:25:01]} d4 {[%clk 0:17:18]} 28. Re1 {[%clk 0:19:50]} Qf5
{[%clk 0:16:20]} 29. Rbd1 {[%clk 0:14:24]} d3 {[%clk 0:11:29]} 30. Re3
{[%clk 0:06:46]} Rd5 {[%clk 0:07:51]} 31. Rf3 {[%clk 0:03:29]} Qd7
{[%clk 0:08:05]} 32. Kf1 {[%clk 0:02:11]} Rd8 {[%clk 0:08:05]} 33. b6
{[%clk 0:01:43]} d2 {[%clk 0:06:52]} 34. Ke2 {[%clk 0:01:00]} Re5+
{[%clk 0:03:37]} 35. Re3 {[%clk 0:00:59]} Qg4+ {[%clk 0:03:08]} 36. Kf1
{[%clk 0:01:20]} Rb5 {[%clk 0:01:47]} 37. Qc3 {[%clk 0:00:49]} Qxd1+ 0-1

[Event "H. C. Andersen Mind Games"]
[Site "?"]
[Date "2012.05.19"]
[Round "6.16"]
[White "Nielsen, 2163, John Bauneborg"]
[Black "Pedersen, 2112, Henrik Bolding"]
[Result "1/2-1/2"]
[BlackElo "2112"]
[WhiteElo "2163"]

1. d4 {[%clk 1:30:45]} Nf6 {[%clk 1:31:00]} 2. c4 {[%clk 1:31:05]} e6
{[%clk 1:31:20]} 3. Nc3 {[%clk 1:31:26]} Nc6 {[%clk 1:31:41]} 4. Nf3
{[%clk 1:28:32]} Bb4 {[%clk 1:31:03]} 5. Qc2 {[%clk 1:17:03]} d6 {[%clk 1:27:23]}
6. a3 {[%clk 1:12:18]} Bxc3+ {[%clk 1:26:29]} 7. Qxc3 {[%clk 1:12:42]} a5
{[%clk 1:23:57]} 8. b3 {[%clk 1:12:14]} O-O {[%clk 1:19:06]} 9. e3
{[%clk 1:12:12]} Qe7 {[%clk 1:16:19]} 10. Bb2 {[%clk 1:10:57]} Re8
{[%clk 1:11:52]} 11. Be2 {[%clk 1:09:15]} e5 {[%clk 1:09:48]} 12. dxe5
{[%clk 1:09:07]} dxe5 {[%clk 1:06:08]} 13. O-O {[%clk 1:09:16]} Bg4
{[%clk 1:02:48]} 14. Qc2 {[%clk 1:07:23]} Bh5 {[%clk 0:49:15]} 15. Rad1
{[%clk 0:57:59]} Rad8 {[%clk 0:45:40]} 16. Rxd8 {[%clk 0:55:27]} Rxd8
{[%clk 0:45:43]} 17. Rd1 {[%clk 0:55:20]} Rxd1+ {[%clk 0:42:18]} 18. Qxd1
{[%clk 0:55:10]} Qd7 {[%clk 0:40:10]} 19. Qxd7 {[%clk 0:37:33]} Nxd7
{[%clk 0:40:37]} 20. Nxe5 {[%clk 0:36:47]} Bxe2 {[%clk 0:39:11]} 21. Nxd7
{[%clk 0:37:12]} a4 {[%clk 0:36:21]} 22. b4 {[%clk 0:31:02]} Bxc4
{[%clk 0:35:46]} 23. Ne5 {[%clk 0:31:27]} Nxe5 {[%clk 0:34:40]} 1/2-1/2

[Event "H. C. Andersen Mind Games"]
[Site "?"]
[Date "2012.05.19"]
[Round "6.17"]
[White "Frantsen, 2122, Tom"]
[Black "Skytte, 1973, Torill"]
[Result "1-0"]
[BlackElo "1973"]
[WhiteElo "2122"]

1. e4 {[%clk 1:30:57]} e6 {[%clk 1:30:18]} 2. d4 {[%clk 1:31:08]} d5
{[%clk 1:30:42]} 3. exd5 {[%clk 1:30:51]} exd5 {[%clk 1:31:05]} 4. Bd3
{[%clk 1:31:16]} Nc6 {[%clk 1:31:18]} 5. c3 {[%clk 1:31:35]} Bd6 {[%clk 1:31:32]}
6. Ne2 {[%clk 1:30:36]} Nge7 {[%clk 1:31:44]} 7. Ng3 {[%clk 1:28:32]} Be6
{[%clk 1:26:12]} 8. O-O {[%clk 1:27:13]} Qd7 {[%clk 1:23:17]} 9. Re1
{[%clk 1:16:18]} O-O-O {[%clk 1:22:55]} 10. b4 {[%clk 1:14:10]} Rdg8
{[%clk 1:14:31]} 11. Na3 {[%clk 1:09:55]} h5 {[%clk 1:09:13]} 12. Qa4
{[%clk 0:56:20]} Kb8 {[%clk 1:02:54]} 13. Nb5 {[%clk 0:53:51]} g5
{[%clk 0:57:26]} 14. Nxd6 {[%clk 0:53:26]} Qxd6 {[%clk 0:54:44]} 15. b5
{[%clk 0:53:15]} Nd8 {[%clk 0:48:09]} 16. Ba3 {[%clk 0:48:45]} Qd7
{[%clk 0:48:24]} 17. Qb4 {[%clk 0:40:16]} Nc8 {[%clk 0:44:51]} 18. Qb3
{[%clk 0:33:20]} h4 {[%clk 0:41:06]} 19. Nf1 {[%clk 0:33:27]} g4 {[%clk 0:35:57]}
20. Bc1 {[%clk 0:25:16]} g3 {[%clk 0:32:46]} 21. fxg3 {[%clk 0:21:41]} h3
{[%clk 0:30:18]} 22. Qc2 {[%clk 0:18:30]} hxg2 {[%clk 0:29:41]} 23. Qxg2
{[%clk 0:18:51]} Bh3 {[%clk 0:29:46]} 24. Qf2 {[%clk 0:18:59]} Nd6
{[%clk 0:25:18]} 25. a4 {[%clk 0:14:53]} Nf5 {[%clk 0:17:20]} 26. Re5
{[%clk 0:13:33]} Nh4 {[%clk 0:15:55]} 27. Ne3 {[%clk 0:06:43]} Be6
{[%clk 0:13:46]} 28. Nf1 {[%clk 0:04:10]} f6 {[%clk 0:11:38]} 29. Re1
{[%clk 0:04:03]} Qg7 {[%clk 0:10:11]} 30. Bf4 {[%clk 0:04:17]} Qg4
{[%clk 0:09:32]} 31. Re3 {[%clk 0:04:07]} Nf5 {[%clk 0:07:44]} 32. Rxe6
{[%clk 0:03:49]} Nxg3 {[%clk 0:06:26]} 33. Bxg3 {[%clk 0:03:12]} Qxe6
{[%clk 0:06:41]} 34. Re1 {[%clk 0:03:29]} Qf7 {[%clk 0:04:56]} 35. Bf5
{[%clk 0:03:55]} Rg5 {[%clk 0:04:37]} 36. Qf4 {[%clk 0:03:49]} Rhh5
{[%clk 0:03:24]} 37. Bd3 {[%clk 0:03:21]} Rg7 {[%clk 0:02:32]} 38. Be2
{[%clk 0:03:24]} Rhg5 {[%clk 0:02:53]} 39. Bf3 {[%clk 0:03:40]} Ne6
{[%clk 0:02:54]} 40. Qe3 {[%clk 0:03:55]} Nd8 {[%clk 0:02:21]} 41. Qe8
{[%clk 0:03:43]} Rg8 {[%clk 0:02:17]} 42. Qxf7 {[%clk 0:03:01]} Nxf7
{[%clk 0:02:46]} 43. Kf2 {[%clk 0:03:17]} Rh8 {[%clk 0:02:08]} 44. Ne3
{[%clk 0:03:10]} Nd6 {[%clk 0:02:09]} 45. Nxd5 {[%clk 0:03:24]} Rf5
{[%clk 0:01:32]} 46. Re6 {[%clk 0:02:58]} Kc8 {[%clk 0:01:05]} 47. Ne7+
{[%clk 0:02:42]} Kd7 {[%clk 0:01:22]} 48. Nxf5 {[%clk 0:02:40]} Kxe6
{[%clk 0:01:51]} 49. Nxd6 {[%clk 0:03:02]} cxd6 {[%clk 0:02:17]} 50. Bxb7
{[%clk 0:03:22]} d5 {[%clk 0:02:19]} 51. Bc6 {[%clk 0:03:37]} Rc8
{[%clk 0:02:22]} 52. a5 {[%clk 0:03:51]} a6 {[%clk 0:02:15]} 53. b6
{[%clk 0:03:54]} 1-0

[Event "H. C. Andersen Mind Games"]
[Site "?"]
[Date "2012.05.19"]
[Round "6.18"]
[White "Rasmussen, 1708, Jens"]
[Black "Eriksson, 2149, Christian"]
[Result "0-1"]
[BlackElo "2149"]
[WhiteElo "1708"]

1. d4 {[%clk 1:30:41]} d5 {[%clk 1:30:54]} 2. Nf3 {[%clk 1:30:41]} Nf6
{[%clk 1:31:18]} 3. e3 {[%clk 1:30:57]} c5 {[%clk 1:31:39]} 4. b3
{[%clk 1:30:03]} Nc6 {[%clk 1:31:48]} 5. Bb2 {[%clk 1:30:18]} Bg4
{[%clk 1:31:52]} 6. Nbd2 {[%clk 1:30:20]} cxd4 {[%clk 1:30:38]} 7. exd4
{[%clk 1:30:30]} e6 {[%clk 1:30:35]} 8. Bd3 {[%clk 1:30:46]} Bd6 {[%clk 1:29:50]}
9. O-O {[%clk 1:30:43]} O-O {[%clk 1:28:51]} 10. a3 {[%clk 1:29:53]} Re8
{[%clk 1:26:57]} 11. h3 {[%clk 1:29:29]} Bh5 {[%clk 1:26:36]} 12. Qe1
{[%clk 1:26:46]} Rc8 {[%clk 1:15:42]} 13. Ne5 {[%clk 1:26:03]} Qb6
{[%clk 1:13:22]} 14. c3 {[%clk 1:23:15]} Bxe5 {[%clk 1:07:03]} 15. dxe5
{[%clk 1:19:37]} Nd7 {[%clk 1:06:56]} 16. c4 {[%clk 1:19:30]} Nc5
{[%clk 1:05:03]} 17. Bc2 {[%clk 1:16:05]} Bg6 {[%clk 1:00:22]} 18. Bxg6
{[%clk 1:12:10]} hxg6 {[%clk 1:00:34]} 19. Qe3 {[%clk 1:12:06]} Rcd8
{[%clk 0:54:16]} 20. cxd5 {[%clk 1:06:02]} Rxd5 {[%clk 0:51:59]} 21. Nc4
{[%clk 1:04:02]} Qxb3 {[%clk 0:49:24]} 22. Qxb3 {[%clk 0:54:54]} Nxb3
{[%clk 0:49:51]} 23. Rad1 {[%clk 0:53:44]} Nbd4 {[%clk 0:41:49]} 24. Ne3
{[%clk 0:45:32]} Rd7 {[%clk 0:38:43]} 25. Kh1 {[%clk 0:44:33]} Red8
{[%clk 0:36:37]} 26. f4 {[%clk 0:43:13]} Nf5 {[%clk 0:33:28]} 27. Rxd7
{[%clk 0:39:21]} Rxd7 {[%clk 0:33:31]} 28. Rd1 {[%clk 0:39:35]} Rxd1+
{[%clk 0:30:48]} 29. Nxd1 {[%clk 0:40:02]} Na5 {[%clk 0:30:17]} 30. g4
{[%clk 0:39:46]} Ne7 {[%clk 0:30:21]} 31. Ne3 {[%clk 0:38:59]} b5
{[%clk 0:29:38]} 32. Bd4 {[%clk 0:37:39]} a6 {[%clk 0:28:39]} 33. Bc5
{[%clk 0:35:59]} Nec6 {[%clk 0:26:29]} 34. Nc2 {[%clk 0:34:34]} Nb3
{[%clk 0:25:33]} 35. Bd6 {[%clk 0:32:19]} a5 {[%clk 0:24:39]} 36. Kg2
{[%clk 0:32:09]} Nd2 {[%clk 0:21:13]} 37. h4 {[%clk 0:30:36]} Ne4
{[%clk 0:20:07]} 38. Bc7 {[%clk 0:30:35]} b4 {[%clk 0:20:07]} 39. axb4
{[%clk 0:27:32]} axb4 {[%clk 0:19:32]} 40. Kf3 {[%clk 0:27:14]} Nc3
{[%clk 0:18:37]} 41. Na1 {[%clk 0:23:47]} Nd4+ {[%clk 0:17:29]} 42. Ke3
{[%clk 0:22:20]} b3 {[%clk 0:17:20]} 43. Nxb3 {[%clk 0:20:36]} Nxb3
{[%clk 0:17:48]} 44. Bd8 {[%clk 0:19:28]} Nd5+ {[%clk 0:17:25]} 45. Kf3
{[%clk 0:19:14]} Nc5 {[%clk 0:16:58]} 46. Kg3 {[%clk 0:17:36]} Nd3
{[%clk 0:17:30]} 47. Bg5 {[%clk 0:17:45]} f6 {[%clk 0:17:15]} 48. exf6
{[%clk 0:17:47]} gxf6 {[%clk 0:17:43]} 49. Bh6 {[%clk 0:17:31]} Kh7
{[%clk 0:17:42]} 50. Bf8 {[%clk 0:17:06]} N3xf4 {[%clk 0:17:50]} 51. Kf3
{[%clk 0:16:26]} Nd3 {[%clk 0:17:03]} 52. Bd6 {[%clk 0:16:03]} Nb2
{[%clk 0:17:00]} 53. Bg3 {[%clk 0:16:03]} Nc4 {[%clk 0:17:03]} 54. Bf2
{[%clk 0:15:57]} Nd2+ {[%clk 0:16:58]} 55. Kg2 {[%clk 0:14:38]} Kg7
{[%clk 0:15:22]} 56. Ba7 {[%clk 0:13:55]} Ne4 {[%clk 0:15:21]} 57. Bb8
{[%clk 0:13:03]} f5 {[%clk 0:15:12]} 58. Be5+ {[%clk 0:13:11]} Kh6
{[%clk 0:14:50]} 59. gxf5 {[%clk 0:13:06]} gxf5 {[%clk 0:14:59]} 60. Kf3
{[%clk 0:13:06]} Kh5 {[%clk 0:14:52]} 61. Bb8 {[%clk 0:12:31]} Kxh4
{[%clk 0:14:59]} 62. Be5 {[%clk 0:12:29]} Kg5 {[%clk 0:14:48]} 63. Bb2
{[%clk 0:12:32]} Nec3 {[%clk 0:14:59]} 64. Bc1+ {[%clk 0:12:18]} Kf6
{[%clk 0:15:27]} 65. Bb2 {[%clk 0:12:32]} e5 {[%clk 0:15:47]} 66. Bc1
{[%clk 0:12:21]} e4+ {[%clk 0:15:57]} 67. Kf2 {[%clk 0:12:24]} Ke5
{[%clk 0:16:10]} 68. Bb2 {[%clk 0:12:46]} f4 {[%clk 0:16:27]} 69. Ke1
{[%clk 0:12:35]} Kd4 {[%clk 0:16:21]} 70. Kd2 {[%clk 0:12:11]} e3+
{[%clk 0:16:24]} 0-1

[Event "H. C. Andersen Mind Games"]
[Site "?"]
[Date "2012.05.19"]
[Round "6.21"]
[White "Heinemann, 1885, Guido"]
[Black "Munksgaard, 1877, Daniel"]
[Result "1/2-1/2"]
[BlackElo "1877"]
[WhiteElo "1885"]

1. e4 {[%clk 1:30:58]} e5 {[%clk 1:30:55]} 2. d4 {[%clk 1:31:23]} exd4
{[%clk 1:31:20]} 3. c3 {[%clk 1:31:48]} dxc3 {[%clk 1:31:37]} 4. Bc4
{[%clk 1:32:12]} cxb2 {[%clk 1:31:45]} 5. Bxb2 {[%clk 1:32:35]} Nf6
{[%clk 1:32:09]} 6. Nd2 {[%clk 1:28:46]} d5 {[%clk 1:27:18]} 7. exd5
{[%clk 1:25:54]} Nxd5 {[%clk 1:26:19]} 8. Qe2+ {[%clk 1:25:37]} Be6
{[%clk 1:25:38]} 9. Nh3 {[%clk 1:23:29]} Be7 {[%clk 1:23:08]} 10. Bxd5
{[%clk 1:20:02]} Bxd5 {[%clk 1:18:23]} 11. Nf4 {[%clk 1:19:40]} Nc6
{[%clk 1:13:18]} 12. Nh5 {[%clk 1:13:56]} Kd7 {[%clk 1:04:49]} 13. Bxg7
{[%clk 1:04:44]} Rg8 {[%clk 1:05:03]} 14. Ne4 {[%clk 1:02:06]} Bb4+
{[%clk 0:59:52]} 15. Kf1 {[%clk 1:02:02]} Kc8 {[%clk 0:55:41]} 16. Nef6
{[%clk 0:56:35]} Rxg7 {[%clk 0:54:57]} 17. Nxd5 {[%clk 0:55:40]} Rg5
{[%clk 0:43:53]} 18. Nxb4 {[%clk 0:47:39]} Nxb4 {[%clk 0:43:25]} 19. Rd1
{[%clk 0:45:42]} Nd5 {[%clk 0:42:04]} 20. h4 {[%clk 0:41:41]} Rg6
{[%clk 0:40:24]} 21. Nf4 {[%clk 0:36:14]} c6 {[%clk 0:26:31]} 22. Nxg6
{[%clk 0:35:11]} fxg6 {[%clk 0:25:50]} 23. Rh3 {[%clk 0:33:31]} Kc7
{[%clk 0:25:19]} 24. Rf3 {[%clk 0:28:32]} Qe8 {[%clk 0:21:28]} 25. Qc4
{[%clk 0:25:01]} Rd8 {[%clk 0:21:34]} 26. Re1 {[%clk 0:24:20]} Qg8
{[%clk 0:20:24]} 27. Qa4 {[%clk 0:19:57]} Rf8 {[%clk 0:19:40]} 28. Rxf8
{[%clk 0:18:49]} Qxf8 {[%clk 0:20:00]} 29. Qxa7 {[%clk 0:17:36]} Qb4
{[%clk 0:17:46]} 30. Qa8 {[%clk 0:11:50]} Qxh4 {[%clk 0:17:57]} 31. Qa5+
{[%clk 0:10:46]} Kd7 {[%clk 0:18:16]} 32. Kg1 {[%clk 0:08:33]} Qb4
{[%clk 0:17:14]} 33. Qxb4 {[%clk 0:07:15]} Nxb4 {[%clk 0:17:36]} 34. Rb1
{[%clk 0:07:39]} Nxa2 {[%clk 0:17:20]} 35. Rxb7+ {[%clk 0:08:05]} Kd6
{[%clk 0:17:36]} 36. Rxh7 {[%clk 0:08:30]} c5 {[%clk 0:17:42]} 37. Rh6
{[%clk 0:08:24]} c4 {[%clk 0:18:00]} 38. Rxg6+ {[%clk 0:08:47]} Kc5
{[%clk 0:18:09]} 39. Rg8 {[%clk 0:06:39]} c3 {[%clk 0:18:23]} 40. Rc8+
{[%clk 0:06:53]} Kd4 {[%clk 0:18:42]} 41. g4 {[%clk 0:06:25]} Nc1
{[%clk 0:16:54]} 42. Kg2 {[%clk 0:04:54]} Nd3 {[%clk 0:16:52]} 43. Rxc3
{[%clk 0:04:58]} Kxc3 {[%clk 0:16:56]} 44. Kg3 {[%clk 0:04:38]} Kd4
{[%clk 0:17:01]} 45. f4 {[%clk 0:03:52]} Kd5 {[%clk 0:16:59]} 46. f5
{[%clk 0:03:36]} Ke5 {[%clk 0:17:12]} 47. Kh4 {[%clk 0:03:38]} Kf6
{[%clk 0:17:11]} 48. Kg3 {[%clk 0:03:07]} Kg5 {[%clk 0:17:34]} 1/2-1/2

[Event "H. C. Andersen Mind Games"]
[Site "?"]
[Date "2012.05.19"]
[Round "6.22"]
[White "Dirlis, 1852, Nikolaos"]
[Black "Caceres, 1731, Cipriano Sande"]
[Result "1-0"]
[BlackElo "1731"]
[WhiteElo "1852"]

1. e4 {[%clk 1:30:19]} c5 {[%clk 1:30:48]} 2. Nf3 {[%clk 1:30:38]} Nc6
{[%clk 1:30:52]} 3. Bb5 {[%clk 1:30:59]} Nf6 {[%clk 1:29:04]} 4. Nc3
{[%clk 1:31:13]} a6 {[%clk 1:25:21]} 5. Bxc6 {[%clk 1:31:34]} dxc6
{[%clk 1:25:45]} 6. h3 {[%clk 1:31:50]} e6 {[%clk 1:24:36]} 7. d3
{[%clk 1:31:54]} Qc7 {[%clk 1:24:36]} 8. Be3 {[%clk 1:31:16]} b5 {[%clk 1:23:26]}
9. O-O {[%clk 1:30:23]} e5 {[%clk 1:22:27]} 10. Qd2 {[%clk 1:19:32]} Be7
{[%clk 1:18:28]} 11. Nh2 {[%clk 1:18:05]} Be6 {[%clk 1:09:16]} 12. f4
{[%clk 1:18:18]} exf4 {[%clk 1:09:16]} 13. Bxf4 {[%clk 1:18:38]} Qd7
{[%clk 1:08:00]} 14. Nf3 {[%clk 1:11:00]} O-O-O {[%clk 1:04:42]} 15. b3
{[%clk 1:06:52]} h6 {[%clk 0:54:02]} 16. Be3 {[%clk 1:06:42]} Qb7
{[%clk 0:49:45]} 17. Qf2 {[%clk 1:06:54]} Nd7 {[%clk 0:48:48]} 18. e5
{[%clk 0:57:48]} f5 {[%clk 0:47:15]} 19. d4 {[%clk 0:57:59]} g5 {[%clk 0:46:34]}
20. dxc5 {[%clk 0:55:55]} g4 {[%clk 0:45:19]} 21. hxg4 {[%clk 0:56:04]} fxg4
{[%clk 0:45:39]} 22. Nd4 {[%clk 0:56:25]} Rdf8 {[%clk 0:40:18]} 23. Qe2
{[%clk 0:56:30]} Nxc5 {[%clk 0:36:31]} 24. Nxe6 {[%clk 0:56:45]} Nxe6
{[%clk 0:31:42]} 25. Qxg4 {[%clk 0:57:04]} Rxf1+ {[%clk 0:31:41]} 26. Rxf1
{[%clk 0:57:25]} Bg5 {[%clk 0:17:52]} 27. Qxe6+ {[%clk 0:57:42]} Kb8
{[%clk 0:16:18]} 28. Bxg5 {[%clk 0:57:10]} hxg5 {[%clk 0:15:03]} 29. Qd6+
{[%clk 0:56:10]} Ka8 {[%clk 0:10:36]} 30. Rf8+ {[%clk 0:56:27]} Rxf8
{[%clk 0:10:56]} 31. Qxf8+ {[%clk 0:56:48]} Ka7 {[%clk 0:11:14]} 32. Qc5+
{[%clk 0:57:02]} Kb8 {[%clk 0:11:03]} 33. e6 {[%clk 0:57:15]} Qg7
{[%clk 0:08:25]} 34. Qd6+ {[%clk 0:57:28]} Kb7 {[%clk 0:07:19]} 35. Qd7+
{[%clk 0:57:39]} Qxd7 {[%clk 0:07:47]} 36. exd7 {[%clk 0:57:33]} Kc7
{[%clk 0:08:00]} 37. Ne4 {[%clk 0:57:55]} Kxd7 {[%clk 0:07:53]} 38. Nxg5
{[%clk 0:58:21]} b4 {[%clk 0:07:53]} 39. Kf2 {[%clk 0:58:39]} Kd6
{[%clk 0:05:59]} 40. Ke3 {[%clk 0:58:58]} Kd5 {[%clk 0:05:47]} 41. Ne4
{[%clk 0:59:11]} a5 {[%clk 0:05:53]} 42. g4 {[%clk 0:59:33]} c5 {[%clk 0:05:33]}
43. g5 {[%clk 0:59:55]} 1-0

[Event "H. C. Andersen Mind Games"]
[Site "?"]
[Date "2012.05.19"]
[Round "6.28"]
[White "Andersen, 1493, Bjarne"]
[Black "Valembois, 1316, Pierre"]
[Result "1-0"]
[BlackElo "1316"]
[WhiteElo "1493"]

1. e4 {[%clk 1:30:45]} d5 {[%clk 1:30:12]} 2. e5 {[%clk 1:30:51]} Bf5
{[%clk 1:26:35]} 3. d4 {[%clk 1:30:53]} Nc6 {[%clk 1:26:33]} 4. c3
{[%clk 1:30:41]} f6 {[%clk 1:25:23]} 5. f4 {[%clk 1:29:37]} e6 {[%clk 1:22:12]}
6. Nf3 {[%clk 1:29:25]} Nge7 {[%clk 1:21:37]} 7. Bd3 {[%clk 1:25:02]} fxe5
{[%clk 1:21:15]} 8. Nxe5 {[%clk 1:24:36]} Nxe5 {[%clk 1:18:58]} 9. fxe5
{[%clk 1:23:20]} Be4 {[%clk 1:17:36]} 10. Bxe4 {[%clk 1:23:22]} dxe4
{[%clk 1:17:52]} 11. O-O {[%clk 1:22:59]} Nf5 {[%clk 1:17:07]} 12. Qg4
{[%clk 1:19:09]} e3 {[%clk 1:16:59]} 13. Re1 {[%clk 1:16:01]} Qd5
{[%clk 1:16:20]} 14. Bxe3 {[%clk 1:15:10]} Be7 {[%clk 1:15:57]} 15. Nd2
{[%clk 1:12:34]} Nh4 {[%clk 1:16:11]} 16. Ne4 {[%clk 1:08:01]} O-O-O
{[%clk 1:15:36]} 17. Bg5 {[%clk 1:06:22]} h5 {[%clk 1:14:48]} 18. Qxh4
{[%clk 1:06:15]} Bxg5 {[%clk 1:14:15]} 19. Nxg5 {[%clk 1:05:49]} Rhf8
{[%clk 1:12:28]} 20. Rf1 {[%clk 1:05:06]} Qc4 {[%clk 1:11:24]} 21. Qh3
{[%clk 1:03:28]} c5 {[%clk 1:08:46]} 22. Qxe6+ {[%clk 1:03:41]} Qxe6
{[%clk 1:08:18]} 23. Nxe6 {[%clk 1:04:02]} Rxf1+ 24. Rxf1 Rd5 {[%clk 1:07:16]}
25. Rf8+ {[%clk 1:04:04]} Kd7 26. Nxc5+ Ke7 {[%clk 1:05:49]} 27. Rb8
{[%clk 1:03:52]} Rd8 {[%clk 1:03:46]} 28. Rxb7+ {[%clk 1:04:08]} Ke8
{[%clk 1:02:55]} 29. Rxg7 {[%clk 1:04:19]} h4 30. Rg8+ Ke7 {[%clk 1:00:53]} 31.
Rxd8 {[%clk 1:04:39]} Kxd8 {[%clk 1:01:15]} 32. d5 {[%clk 1:05:03]} h3 33. g3 a5
{[%clk 1:01:13]} 34. Nb7+ {[%clk 1:05:19]} Kc8 35. Nxa5 Kc7 {[%clk 1:01:10]} 36.
d6+ {[%clk 1:05:35]} Kd7 {[%clk 1:01:12]} 37. c4 {[%clk 1:05:52]} Ke6
{[%clk 1:00:42]} 38. Nc6 {[%clk 1:06:10]} Kd7 {[%clk 1:00:45]} 39. Nd4
{[%clk 1:06:32]} Kd8 40. c5 Kd7 {[%clk 1:00:39]} 41. c6+ {[%clk 1:06:51]} Kd8
{[%clk 1:00:59]} 42. Ne6+ {[%clk 1:06:47]} Kc8 {[%clk 1:00:53]} 43. d7+
{[%clk 1:06:57]} Kb8 44. c7+ Ka7 45. c8=Q Kb6 46. Qc5+ Kb7 47. d8=N+ Kb8
{[%clk 0:56:14]} 48. Qb6+ {[%clk 1:07:05]} Kc8 {[%clk 0:56:32]} 49. Qc7#
{[%clk 1:07:25]} 1-0

[Event "H. C. Andersen Mindgames"]
[Site "?"]
[Date "2012.05.19"]
[Round "7.1"]
[White "Georgiev, 2555, GM Vladimir"]
[Black "Fries-Nielsen, 2363, IM Jens Ove"]
[Result "1-0"]
[LiveChessVersion "1.3.1"]
[BlackElo "2363"]
[WhiteElo "2555"]

1. d4 g6 2. e4 Bg7 3. c4 Nc6 4. d5 Nd4 5. Ne2 c5 6. Nbc3 e5 7. Nxd4 exd4 8. Ne2
d6 9. Ng3 Qh4 10. Bd3 Nf6 11. h3 O-O 12. Bd2 Re8 13. O-O Bg4 14. Qc1 h6 15. Be1
Bxh3 16. gxh3 Qxh3 17. f3 h5 18. Qf4 Re5 19. Nh1 Nh7 20. Qh2 Ng5 21. Bg3 Qd7 22.
Kg2 Rae8 23. Rae1 Nh7 24. Bxe5 dxe5 25. a3 Bh6 26. f4 exf4 27. Rxf4 Re5 28. Nf2
Qe7 29. Kh1 Bxf4 30. Qxf4 Ng5 31. Rg1 f6 32. Rg3 Kg7 33. Kg2 Nf7 34. Kh1 Nd6 35.
Rg1 Nf7 36. Nh3 g5 37. Qf3 Kh6 38. Nf2 Nd6 39. Be2 g4 40. Qf4+ Kg7 41. Bd3 Rg5
42. b4 b6 43. bxc5 bxc5 44. Kh2 Nf7 45. Kg2 Ne5 46. Be2 Qd7 47. Kh2 Qd6 48. Nd3
Nxc4 49. Qxd6 Nxd6 50. Nxc5 Re5 51. Bd3 Kh6 52. Rf1 Kg5 53. Rxf6 Kxf6 54. Nd7+
Kg5 55. Nxe5 Kf4 56. Ng6+ Kg5 57. e5 1-0